000
00298nam a22001337a 4500
008
170810b xxu||||| |||| 00| 0 eng d
020
_a
9781418836436
041
_a
eng
080
_a
004
100
_a
35
101
_a
SHK
245
_a
MICROSOFT VISUAL BASIC 2005
_c
JOHNSON,R.A
942
_2
udc
_c
BK
999
_c
23197
_d
23197